Colonias de la Alcaldía Benito Juárez, Ciudad de México - Estadísticas

Estadísticas generales
  • Esta prueba ha sido intentada 3 veces
  • La puntuación promedio es 19 de 53
Respuestas en el mapa
Las respuestas están codificadas por una escala verde-roja en el mapa de la prueba según el % correcto abajo.
 
Estadísticas de respuestas
Respuesta % Correcto
Del Valle Centro
100%
Del Valle Norte
100%
Del Valle Sur
100%
Narvarte Oriente
100%
Narvarte Poniente
100%
Portales Norte
100%
Portales Oriente
100%
Portales Sur
100%
Xoco
100%
8 De Agosto
50%
Acacias
50%
Actipan
50%
Alamos
50%
Ampliacion Napoles
50%
Extremadura Insurgentes
50%
General Pedro Ma Anaya
50%
Insurgentes Mixcoac
50%
Insurgentes San Borja
50%
Iztaccihuatl
50%
Mixcoac
50%
Moderna
50%
Napoles
50%
Nativitas
50%
Postal
50%
San Pedro De Los Pinos
50%
Santa Cruz Atoyac
50%
Santa Maria Nonoalco
50%
Tlacoquemecatl
50%
Albert
0%
Americas Unidas
0%
Atenor Salas
0%
Ciudad De Los Deportes
0%
Credito Constructor
0%
Del Carmen
0%
Del Lago
0%
Ermita
0%
Independencia
0%
Josefa Ortiz De Dominguez
0%
Letran Valle
0%
Merced Gomez
0%
Miguel Aleman
0%
Miravalle
0%
Niños Heroes
0%
Noche Buena
0%
Periodista
0%
Piedad Narvarte
0%
Residencial Emperadores
0%
San Jose Insurgentes
0%
San Juan
0%
San Simon Ticumac
0%
Vertiz Narvarte
0%
Villa De Cortes
0%
Zacahuitzco
0%
No se encontraron pruebas coincidentes
Distribución de puntuación
Porcentaje de gente con cada puntuación
Porcentaje por número respondido
Historial de tus puntuaciones
No has intentado esta prueba.